| 000 | 01389cam a2200349 a 4500 | ||
|---|---|---|---|
| 001 | EDZ0000063870 | ||
| 003 | StDuBDS | ||
| 005 | 20161031105114.0 | ||
| 006 | m||||||||d|||||||| | ||
| 007 | cr ||||||||||| | ||
| 008 | 120326s1997 enk fo| 001|0|eng d | ||
| 020 |
_a9781446250396 (ebook) : _cNo price |
||
| 040 |
_aStDuBDS _beng _cStDuBDS _epn |
||
| 049 | _aAlfaisal Main Library | ||
| 050 | 0 |
_aHM621 _b.C89 1997 |
|
| 082 | 0 | 4 |
_a306.01 _223 |
| 245 | 0 | 0 |
_aCultural methodologies _h[electronic resource] / _cedited by Jim McGuigan. |
| 260 |
_aLondon : _bSAGE, _c1997. |
||
| 300 | _a1 online resource (vii, 215 p.) | ||
| 504 | _aIncludes bibliographical references and index. | ||
| 520 | 8 | _a'Cultural Methodologies' is the first book to bring together the wide range of approaches which characterise research in cultural studies. The topics discussed include the use of qualitative and quantitative data, and the role of feminism in cultural studies. | |
| 521 | _aSpecialized. | ||
| 588 | _aDescription based on print version record. | ||
| 650 | 0 |
_aCulture _xResearch. |
|
| 650 | 0 |
_aCulture _xMethodology. |
|
| 655 | 7 |
_aElectronic books. _2local |
|
| 700 | 1 | _aMcGuigan, Jim. | |
| 710 | 2 | _aSage eBooks | |
| 776 | 0 | 8 |
_iPrint version : _z9780803974852 |
| 856 | 4 | 0 | _uhttp://ezproxy.alfaisal.edu/login?url=http://sk.sagepub.com/books/cultural-methodologies |
| 942 |
_2lcc _cEBOOKS |
||
| 999 |
_c479424 _d479424 |
||